zpět

Detail výsledku týmu

U Dvou dobráků PO, Opava

Datum a čas kvízu

26.5 Celkem bodů Celkový počet nahraných bodů na tomto kvízu bez doplňovacích otázek.
14. Pořadí na kvízu Konečné umístění týmu na tomto kvízu.

Zaznamenané odpovědi

# Otázka Odpověď Body Výsledky
1. Novinářskou cenu Ferdinanda Pe... 0
2. Podle čínského kalendáře vstou... 1
3. Známý britský herec a komik od... 0
4. Společnost Google minulý týden... 0
5. Jak se jmenuje trenér, který v... 1
6. Začneme základní otázkou. Kter... 1
8. Jak se slovy na V a K česky ří... 0
9. Jak se jmenuje jedna z největš... 0
10. Vzhledem k přírodním podmínkám... 1
43. Jaké "zvířecí" jméno má tato k... 0